Bonez MC - Alle Lieder - Statistiken

Allgemein
  • Dieses Quiz wurde 79 mal gespielt
  • Das Durchschnittsergebnis liegt bei 38 aus 168
Antwortstatistiken
Hint Antwort % Korrekt
Palmen aus Plastik Palmen aus Plastik
91%
Palmen aus Plastik 2 500 PS
64%
Palmen aus Plastik Ohne mein Team
64%
Hollywood Papa ist in Hollywood
64%
Loveline EP So
56%
Palmen aus Plastik Mörder
53%
Palmen aus Plastik 2 Kokain
51%
Tannen aus Plastik Palmen aus Gold
51%
Hollywood Uncut Angeklagt
50%
Hollywood Big Body Benz
47%
High & Hungrig 3 Cinnamon Roll
47%
Hollywood Roadrunner
47%
High & Hungrig 2 | High & Hungrig 3 | Krampfhaft Kriminell | +3 others Intro
44%
Tannen aus Plastik An ihnen vorbei
43%
Palmen aus Plastik 3 Taxi
43%
High & Hungrig 3 Babylon
41%
Gameboy früher sterben
41%
Loveline EP Das ist Bonez
39%
Palmen aus Plastik 2 Nummer unterdrückt
39%
Palmen aus Plastik 3 Sommer
39%
Hollywood 187 Gang
37%
Hollywood Tilidin Weg
37%
Palmen aus Plastik 3 Diamant
36%
Gameboy Wenn du mich kennst
34%
High & Hungrig 3 YumYum
34%
Hollywood Grabstein
33%
High & Hungrig 3 40 Jahre
31%
Palmen aus Plastik Attackieren
30%
High & Hungrig 2 Blättchen und Ganja
30%
High & Hungrig 2 Meine Couch
30%
High & Hungrig 3 Scho-ko
30%
Loveline EP Telefon ohne Kabel
30%
Gameboy BAD
29%
Gameboy Für Mary
29%
High & Hungrig 3 Klappmesser
29%
Gameboy Locker
29%
High & Hungrig 3 Sturkopf
29%
High & Hungrig 3 Tanzen
29%
High & Hungrig 3 Abziehen
27%
Gameboy Du Trottel
27%
Hollywood Ihr Hobby
27%
Hollywood Uncut Jetski
27%
Palmen aus Plastik 2 Krimineller
27%
Palmen aus Plastik 2 100
26%
Palmen aus Plastik 3 Alles umsonst
26%
Gameboy Ba$$tard
26%
Hollywood Fuckst mich nur ab
26%
Gameboy Hab Bock
26%
Palmen aus Plastik 2 Ja Mann!
26%
Palmen aus Plastik 3 Letztes Mal
26%
Palmen aus Plastik 2 MDMA
26%
Palmen aus Plastik 2 Prominent
26%
Tannen aus Plastik Skandale
26%
High & Hungrig 3 Sunnyside Moneymakerz
26%
Palmen aus Plastik Vaporizer
26%
Gameboy 30 Kugeln
24%
Tannen aus Plastik Atramis
24%
Palmen aus Plastik 3 Butterfly
24%
High & Hungrig Dagegen
24%
High & Hungrig 2 Einfach weiterfliegen
24%
Palmen aus Plastik Evil
24%
Loveline EP Karneval
24%
Hollywood Uncut Niemals unter 1000
24%
Palmen aus Plastik Ruhe nach dem Sturm
24%
Gameboy Über Leichen
24%
Palmen aus Plastik Cabriolet
23%
Palmen aus Plastik 3 Eine Idee
23%
Gameboy Lieblingssong
23%
Loveline EP Mein Bett
23%
Palmen aus Plastik 2 Nein
23%
High & Hungrig 3 Nix zu tun
23%
Gameboy Outzide
23%
Loveline EP Shawty
23%
Palmen aus Plastik Skimaske
23%
Palmen aus Plastik 2 Von ihnen gelernt
23%
Palmen aus Plastik 2 Alien
21%
Hollywood Uncut Bubble Gum
21%
Loveline EP Bunte Pille
21%
Palmen aus Plastik Ciao Ciao
21%
Palmen aus Plastik 2 Kompanie
21%
Palmen aus Plastik 3 Unterwegs
21%
Hollywood Uncut Banana Clip
20%
Palmen aus Plastik Dankbarkeit
20%
Hollywood Uncut Finger voller Ringe
20%
High & Hungrig 3 Für die Straße
20%
Hollywood Gierig
20%
Hollywood Handschuhfach
20%
Vulcano Letzte Nacht
20%
Loveline EP On Fire
20%
Palmen aus Plastik 2 Prophezeit
20%
Hollywood Uncut Single Wohnung Anthem
20%
Palmen aus Plastik 3 Wer hat Angst
20%
Palmen aus Plastik Erblindet
19%
High & Hungrig Ferrari
19%
High & Hungrig 3 Ganz normal
19%
Hollywood Uncut Gold in der Fresse
19%
High & Hungrig 3 Nicht satt
19%
Vulcano Ova n ova
19%
Hollywood Panik
19%
Hollywood Uncut Raubüberfall
19%
High & Hungrig 2 Rum Cola
19%
Palmen aus Plastik 3 September
19%
Hollywood Aww Johnny
17%
Palmen aus Plastik Killa
17%
High & Hungrig Leggaschmegga
17%
Hollywood Wild Wild West
17%
Palmen aus Plastik 3 Destination
16%
Hollywood Uncut Keep It Real
16%
High & Hungrig 2 Model
16%
Hollywood Uncut Playsi
16%
Palmen aus Plastik 3 Problem
16%
High & Hungrig Scheiß Tag
16%
Tannen aus Plastik Verräter
16%
Palmen aus Plastik Daneben
14%
High & Hungrig 3 Das ist Gang
14%
High & Hungrig Geld
14%
Vulcano Lange nicht zu Hause gewesen
14%
Krampfhaft Kriminell Mein Leben
14%
Hollywood Uncut Schlaganfall
14%
High & Hungrig 2 Wolke 7
14%
Palmen aus Plastik 3 Zu spät
14%
High & Hungrig 2 Hauptsache laut
13%
High & Hungrig Krass
13%
Vulcano Nicht für die anderen
13%
High & Hungrig Auf Tour
11%
High & Hungrig 2 Das Gefühl
11%
Vulcano Halleluja
11%
High & Hungrig 2 Oh weia
11%
High & Hungrig 2 Unser Park
11%
High & Hungrig Dieses Boot
10%
Vulcano Es hat sich gelohnt
10%
High & Hungrig Immernoch
10%
High & Hungrig 2 Wiederbelebt
10%
Krampfhaft Kriminell Interlude
7%
Krampfhaft Kriminell Meine Olle
7%
High & Hungrig Mit uns
7%
Hollywood Uncut Smartphone am See
7%
Krampfhaft Kriminell Supersoakerdriveby
7%
High & Hungrig Hektik
6%
Auf Teufel komm raus Ich seh dich
6%
Krampfhaft
kriminell
Krasse Menschen
6%
Krampfhaft Kriminell Mir egal
6%
Krampfhaft Kriminell Schicht im Schacht
6%
Krampfhaft Kriminell 1Fach1Genie
4%
Auf Teufel komm raus Andere machen Mukke
4%
Auf Teufel komm raus Auf Stop
4%
Gameboy Augen auf
4%
Krampfhaft Kriminell Die Geister die ich rief
4%
Krampfhaft Kriminell Geile Zeit
4%
Palmen aus Plastik 2 Risiki
4%
Auf Teufel komm raus Unterm Strich
4%
Auf Teufel komm raus Verdammt ja
4%
Auf Teufelkomm raus Wenn der Tag anbricht
4%
Krampfhaft Kriminell Willkommen in der Realität
4%
Krampfhaft Kriminell Zahlen an der Wand
4%
Krampfhaft Kriminell Zeitdruck
4%
Krampfhaft Kriminell Bonez ist im Haus
3%
Auf Teufel komm raus Du willst n Banger
3%
Krampfhaft Kriminell Glüxxxtag
3%
Krampfhaft Kriminell Heftiges Teil
3%
Krampfhaft Kriminell Komm ran
3%
Krampfhaft Kriminell Schnauze
3%
High & Hungrig Wer sind wir
0%
Keine übereinstimmenden Quizze gefunden
Verteilung der Resultate
Anzahl Personen mit jedem Resultat
Perzentil nach korrekt beantworteten Fragen
Ihre Resultats-Entwicklung
Sie haben dieses Quiz noch nicht gespielt